MARC

LEADER 00000nam0a2200000 4500
001 309195
005 20231102002151.0
020 |a RU  |b 81-86556 
035 |a (RuTPU)RU\TPU\book\334517 
090 |a 309195 
100 |a 20151111d1981 k y0rusy5003 ca 
101 0 |a rus 
102 |a RU 
105 |a a z 001zy 
200 1 |a Методика и результаты комплексных геофизических исследований земной коры Сибири  |e сборник научных трудов  |f Академия наук СССР (АН СССР), Сибирское отделение (СО), Институт геологии и геофизики (ИГиГ) ; под ред. Э. Э. Фотиади 
210 |a Новосибирск  |c Изд-во ИГИГ  |d 1981 
215 |a 160 с.  |c ил  |e 1 л. схем. 
320 |a Библиогр.: с. 138-152 
606 1 |a Геофизические исследования  |2 stltpush  |3 (RuTPU)RU\TPU\subj\6266  |9 34194 
610 1 |a геофизика 
610 1 |a комплексные исследования 
610 1 |a методика 
610 1 |a результаты 
610 1 |a земная кора 
610 1 |a Сибирь 
610 1 |a глубинное строение 
610 1 |a эволюция 
610 1 |a динамика 
610 1 |a палеомагнитные исследования 
610 1 |a геотермические исследования 
675 |a 550.3(571.1/.5)  |z rus  |v 3 
702 1 |a Фотиади  |b Э. Э.  |g Эпаминонд Эпаминондович  |4 340 
712 0 2 |a Академия наук СССР (АН СССР)  |b Сибирское отделение (СО)  |b Институт геологии и геофизики (ИГиГ)  |c (Новосибирск)  |2 stltpush  |3 (RuTPU)RU\TPU\col\128 
801 0 |a RU  |b RuMRKP  |c 19950704  |g psbo 
801 1 |a RU  |b 63413507  |c 20151111 
801 2 |a RU  |b 63413507  |c 20190724  |g RCR 
942 |c BK